| 000 | 00392nam a22001457a 4500 | ||
|---|---|---|---|
| 003 | OSt | ||
| 008 | 250221b |||||||| |||| 00| 0 eng d | ||
| 041 | _aeng | ||
| 100 |
_aVarshney, AC _97218 |
||
| 245 | _aPower Tiller Research & Industry | ||
| 260 |
_aBhopal: _bCentral Institute of Agricultural Engineering, _c1986. |
||
| 700 |
_aSuresh Narang _97219 |
||
| 700 |
_aAlam, A _97220 |
||
| 942 | _cBK | ||
| 999 |
_c19433 _d19433 |
||